[Event "Espalion op 1st"]
[Site "Espalion"]
[Date "2016.07.16"]
[Round "9"]
[White "Kohler, Paul"]
[Black "Ferraye, Nicolas"]
[Result "0-1"]
[WhiteElo "1864"]
[BlackElo "1629"]
[PlyCount "76"]
[EventDate "2016.07.09"]
[EventType "swiss"]
[EventRounds "9"]
[EventCountry "FRA"]
[SourceTitle "CBM 173 Extra"]
[Source "ChessBase"]
[SourceDate "2016.08.29"]
[SourceVersion "1"]
[SourceVersionDate "2016.08.29"]
[SourceQuality "1"]

1. Nf3 d5 2. c4 c6 3. e3 Bf5 4. Qb3 Qc7 5. Nc3 e6 6. Nh4 Bg6 7. d4 Be7 8. Nxg6 hxg6 9. g3 b6 10. Bg2 Nf6 11. 0-0 Bd6 12. cxd5 exd5 13. e4 dxe4 14. Bg5 Nbd7 15. Rac1 c5 16. Rfe1 0-0 17. Nxe4 Nxe4 18. Bxe4 Rac8 19. Bxg6 c4 20. Qe3 fxg6 21. Qe6+ Rf7 22. Qxg6 Nf8 23. Qh5 Nh7 24. Re4 Nf6 25. Bxf6 Rxf6 26. Rce1 Rcf8 27. f4 Qf7 28. Qf3 Rh6 29. Qc3 a5 30. a3 Bc7 31. Re7 Qh5 32. Qxc4+ Kh8 33. Qxc7 Qxh2+ 34. Kf1 Qxg3 35. Ke2 Rh2+ 36. Kd1 Qd3+ 37. Kc1 Qd2+ 38. Kb1 Qxb2# 0-1